Vlastnosti lingvistickej objektivizácie pojmu ‘OSUD’ v ruskom jazykovom obraze sveta
V článku sa konštatuje sémantická špecifickosť a črty jazykovej objektivizácie konceptu "osud" v ruskom jazyku. V snahe identifikovať relevantné, kľúčové črty konceptu "osud" v ruskom jazykovom vedomí sa autor obracia nielen na kľúčové slovo судьба (sudba), ktoré verbalizuje analyzovaný pojem, ale a...
Gespeichert in:
| 1. Verfasser: | |
|---|---|
| Format: | Buchkapitel |
| Sprache: | Slowakisch |
| Schlagworte: | |
| Tags: |
Keine Tags, Fügen Sie das erste Tag hinzu!
|
MARC
| LEADER | 00000naa$a2200000$$$4500 | ||
|---|---|---|---|
| 001 | 0315318 | ||
| 005 | 20260309133214.0 | ||
| 041 | 0 | |a slo | |
| 044 | |a SK | ||
| 245 | 1 | 0 | |a Vlastnosti lingvistickej objektivizácie pojmu ‘OSUD’ v ruskom jazykovom obraze sveta |c Elena Michajlovna Markova |
| 520 | |a V článku sa konštatuje sémantická špecifickosť a črty jazykovej objektivizácie konceptu "osud" v ruskom jazyku. V snahe identifikovať relevantné, kľúčové črty konceptu "osud" v ruskom jazykovom vedomí sa autor obracia nielen na kľúčové slovo судьба (sudba), ktoré verbalizuje analyzovaný pojem, ale aj na jeho synonymá v ruskom jazyku, ich sémantické a štylistické črty, a na analýzu vnútornej formy lexém, ktoré ju verbalizujú. Sleduje sa etymológia a sémantický vývoj starých lexém, rozšírenie ich sémantického objemu v ruskom jazyku v porovnaní so slovanskými jazykmi. | ||
| 610 | 2 | 0 | |a filológia |
| 610 | 2 | 0 | |a sémantika |
| 610 | 2 | 0 | |a jazyky cudzie |
| 610 | 2 | 0 | |a štylistika |
| 610 | 2 | 0 | |a ruština |
| 100 | 1 | |a Markova, Elena Michajlovna, 1960- | |